[Event "SRB-chT"]
[Site "Subotica"]
[Date "2019.08.24"]
[Round "3.3"]
[White "Laketic, Gojko"]
[Black "Drazic, Sinisa"]
[Result "1/2-1/2"]
[WhiteElo "2376"]
[BlackElo "2379"]
[PlyCount "36"]
[EventDate "2019.08.22"]
[EventType "team-tourn"]
[EventRounds "11"]
[EventCountry "SRB"]
[SourceTitle "EXT 2020"]
[Source "ChessBase"]
[SourceDate "2019.10.17"]
[SourceVersion "1"]
[SourceVersionDate "2019.10.17"]
[SourceQuality "1"]
[WhiteTeam "Ruma Sloven"]
[BlackTeam "Valjevo 2005"]
[WhiteTeamCountry "SRB"]
[BlackTeamCountry "SRB"]

1. c4 c5 2. Nf3 g6 3. g3 Bg7 4. Bg2 Nf6 5. Nc3 0-0 6. 0-0 d5 7. cxd5 Nxd5 8. d4 cxd4 9. Nxd4 Nxc3 10. bxc3 Nc6 11. Nxc6 bxc6 12. Qxd8 Rxd8 13. Bxc6 Rb8 14. Bf4 Rb2 15. Bf3 Ba6 16. Rfd1 Rf8 17. Rdb1 Bxc3 18. Rxb2 Bxb2 1/2-1/2